000 00639ngm a2200277 a 4500
003 OSt
005 20251020182700.0
008 240217s9999 xx 000 0 und d
040 _aPE SENCICO BE
040 _cPE SENCICO BE
041 _aspa
082 _aJ017
245 0 _aEstudio Comparativo de la fotometría digital y analítica /
245 0 _cNIMA
260 _bNIMA
260 _c1999
300 _a1 VIDEO
300 _bson., Col.
300 _c57'
490 _aINFORMACION GEOGRAFICA
511 _aMontoya, Víctor
650 _aFOTOMETRIA DIGITAL
651 _aPERÚ
910 _aila.
942 _cVID
_2ddc
999 _c4795
_d4795